000 01258nam a2200301 a 4500
001 ebr10518743
003 CaPaEBR
006 m u
007 cr cn|||||||||
008 110610s2011 enk sb 001 0 eng d
010 _z 2011022718
020 _z9780470748565 (cloth)
020 _z9781119950585 (e-book)
040 _aCaPaEBR
_cCaPaEBR
035 _a(OCoLC)773475390
050 1 4 _aG70.212
_b.T36 2011eb
082 0 4 _a910.71/1
_223
245 0 0 _aTeaching geographic information science and technology in higher education
_h[electronic resource] /
_cDavid Unwin ... [et al.].
260 _aChichester, West Sussex ;
_aHoboken, N.J. :
_bWiley Blackwell,
_c2011.
300 _axviii, 478 p.
504 _aIncludes bibliographical references and index.
533 _aElectronic reproduction.
_bPalo Alto, Calif. :
_cebrary,
_d2012.
_nAvailable via World Wide Web.
_nAccess may be limited to ebrary affiliated libraries.
650 0 _aGeographic information systems
_xStudy and teaching (Higher)
655 7 _aElectronic books.
_2local
700 1 _aUnwin, D.
_q(David John)
710 2 _aebrary, Inc.
856 4 0 _uhttp://site.ebrary.com/lib/rucke/Doc?id=10518743
_zAn electronic book accessible through the World Wide Web; click to view
999 _c236455
_d236455